000
00243nam a2200097Ia 4500
001
692047
005
20250826161847.0
008
250824s9999 xx 000 0 und d
245
0
_a
CANIMA SUSUYORUM
_c
MEHMET ERCAN
260
_b
HAYY KİTAP YAYINLARI
999
_c
692047
_d
692047